| 000 | nam a22 7a 4500 | ||
|---|---|---|---|
| 999 |
_c331239 _d331239 |
||
| 003 | NUST | ||
| 005 | 20170922122335.0 | ||
| 008 | 170922b xxu||||| |||| 00| 0 eng d | ||
| 040 | _cNUST | ||
| 082 | _a351 | ||
| 100 |
_aRasool,abdul waheed Asfandyar,Humayun Qureshi, ali amir Javeed,Khadija Zafar,Rahim & Fatima,Samman _94843 |
||
| 245 | _aMeasuring pakistans youth willingness to be socially cohesiv | ||
| 260 |
_aIslamabad _c2017 |
||
| 300 | _a117p. | ||
| 942 |
_2ddc _cTH |
||